000
00311nam a22001337a 4500
003
SGT
082
_a
617.6342
_b
H17M
100
_a
MAGGA, SHALLU
245
_a
HERBAL IRRIGANTS
260
_a
DELHI NCR
_b
SGT UNIVERSITY GURUGRAM
_c
2017
300
_a
1-93
650
_a
CONSERVATIVE DENTISTRY
942
_2
ddc
_c
TH
999
_c
19158
_d
19158